000 00596cam a2200145 4500500
005 20260208010607.0
041 _afre
042 _adc
100 1 0 _aDubray, Jean
_eauthor
245 0 0 _aLuc Richir, Dieu, le corps, le volume. Essai sur la sculpture, Bruxelles, La Part de l’œil, 2003, coll. « Théorie », 289 p., 32,20 E.
260 _c2006.
500 _a24
786 0 _nRevue philosophique de la France et de l'étranger | 131 | 1 | 2006-03-01 | p. 77zu-138zu | 0035-3833
856 4 1 _uhttps://shs.cairn.info/revue-philosophique-2006-1-page-77zu?lang=fr&redirect-ssocas=7080
999 _c1657273
_d1657273